| 000 | 00407cam a22001337a 4500 | ||
|---|---|---|---|
| 008 | 180718b1963 xxu||||| |||| 00| 0 eng d | ||
| 082 | _aB2 R15/J185 | ||
| 100 | _aJagirdar, P.J. | ||
| 245 |
_aStudies in the social thought of M.G. Ranade _cby P.J. Jagirdar |
||
| 260 |
_aBombay _bAsia _c1963 |
||
| 300 | _a148p. | ||
| 650 | _aPolitical Science. | ||
| 650 | _aRande, Mahdev Govind - Criticism and Interpretation | ||
| 999 |
_c371576 _d371576 |
||